[Event "X Festival Citta' di Varese"]
[Site "Varese ITA"]
[Date "2010.10.17"]
[Round "5"]
[White "Novi', Giuseppe"]
[Black "Mondini, Francesco"]
[Result "1-0"]
[WhiteElo "1826"]
[BlackElo "1517"]
[PlyCount "67"]
[EventDate "2010.10.09"]

1. e4 e5 2. Nf3 Nc6 3. Bb5 a6 4. Ba4 Nf6 5. O-O b5 6. Bb3 Bc5 7. d3 O-O 8. Bg5
h6 9. Bh4 Be7 10. c3 d6 11. h3 Na5 12. Bc2 Be6 13. Nbd2 c6 14. b4 Nb7 15. a3
Qd7 16. Re1 a5 17. Nf1 Rfe8 18. Ne3 Nh7 19. Bg3 Nf6 20. Nh4 g5 21. Nhf5 Kh7 22.
d4 Rg8 23. dxe5 dxe5 24. Qxd7 Nxd7 25. Nxe7 Rgd8 26. Nxc6 Rdc8 27. Nxe5 Rxc3
28. Nxd7 Bxd7 29. e5+ Kg8 30. Be4 Bc6 31. Nd5 Bxd5 32. Bxd5 Ra7 33. e6 fxe6 34.
Rxe6 1-0

[Event "X Festival Citta' di Varese"]
[Site "Varese ITA"]
[Date "2010.10.17"]
[Round "5"]
[White "Picchi, Luciano Enrico"]
[Black "Cervini, Gian Piero"]
[Result "1/2-1/2"]
[WhiteElo "1497"]
[BlackElo "1752"]
[PlyCount "46"]
[EventDate "2010.10.09"]

1. e4 g6 2. Nf3 Bg7 3. d4 d6 4. Be2 Nf6 5. Nbd2 c5 6. d5 O-O 7. O-O Qa5 8. Bd3
b5 9. c4 Ba6 10. Nb3 Qb6 11. Qc2 bxc4 12. Bxc4 Bxc4 13. Qxc4 Nbd7 14. Rb1 Rfb8
15. Be3 Qb4 16. Rfc1 Nxe4 17. Nfd2 Nxd2 18. Bxd2 Qxc4 19. Rxc4 Nb6 20. Re4 Nxd5
21. Bg5 e6 22. Re2 a5 23. Nc1 Nc3 1/2-1/2

[Event "X Festival Citta' di Varese"]
[Site "Varese ITA"]
[Date "2010.10.17"]
[Round "6"]
[White "Ambrosini, Andrea"]
[Black "Madaschi, Sergio"]
[Result "1-0"]
[WhiteElo "1497"]
[BlackElo "1587"]
[PlyCount "75"]
[EventDate "2010.10.09"]

1. e4 c5 2. Nf3 d6 3. d4 cxd4 4. Nxd4 Nf6 5. Nc3 a6 6. h3 e5 7. Nf3 Be7 8. Be2
Nc6 9. a3 O-O 10. Bg5 h6 11. Bxf6 Bxf6 12. Nd5 g6 13. Nxf6+ Qxf6 14. c3 Rd8 15.
Nh2 Kg7 16. Bg4 h5 17. Bxc8 Raxc8 18. Qb3 Rc7 19. O-O Qf4 20. Rfe1 Rcd7 21.
Rad1 b5 22. g3 Qf6 23. Qa2 Ne7 24. c4 Qe6 25. b3 bxc4 26. bxc4 Qxh3 27. Re3 Qe6
28. Qe2 f5 29. Rc3 fxe4 30. Qxe4 d5 31. cxd5 Rxd5 32. Re1 Nc6 33. Nf3 Qd6 34.
Kg2 Re8 35. Qa4 Rd8 36. Rxc6 Qd7 37. Nxe5 Rxe5 38. Rxe5 1-0

[Event "X Festival Citta' di Varese"]
[Site "Varese ITA"]
[Date "2010.10.17"]
[Round "6"]
[White "Cardani, Roberto"]
[Black "Guzzetti, Luigi Enrico"]
[Result "1/2-1/2"]
[WhiteElo "1961"]
[BlackElo "1878"]
[PlyCount "77"]
[EventDate "2010.10.09"]

1. e4 c5 2. Nf3 e6 3. d4 cxd4 4. Nxd4 a6 5. Bd3 Nf6 6. O-O Qc7 7. Qe2 d6 8. c4
Nc6 9. Nxc6 bxc6 10. Nc3 Be7 11. Be3 e5 12. f3 O-O 13. Rac1 a5 14. b3 Bd7 15.
Rfd1 Rfe8 16. Bb1 Nh5 17. Qd2 Nf6 18. c5 dxc5 19. Na4 c4 20. Nb6 Rad8 21. Nxc4
Bb4 22. Qf2 Be6 23. Bb6 Rxd1+ 24. Rxd1 Qb8 25. Nxa5 Qa8 26. Nc4 Bxc4 27. bxc4
Qa6 28. Bd3 Nd7 29. Be3 c5 30. Qc2 Nf8 31. f4 exf4 32. Bxf4 Ne6 33. Be3 Ra8 34.
Ra1 Qa3 35. Bc1 Qa5 36. Bb2 Bd2 37. Bc1 Bc3 38. Bb2 Bd2 39. Bc1 1/2-1/2

[Event "X Festival Citta' di Varese"]
[Site "Varese ITA"]
[Date "2010.10.17"]
[Round "6"]
[White "Cordiano, Franco"]
[Black "Centofante, Maria Rosa"]
[Result "1-0"]
[WhiteElo "1209"]
[BlackElo "1619"]
[PlyCount "115"]
[EventDate "2010.10.09"]

1. h3 Nf6 2. a3 d5 3. d4 c6 4. Nf3 Bf5 5. Nc3 e6 6. g4 Bg6 7. Nh4 Bd6 8. Nxg6
hxg6 9. Bd2 Qc7 10. f4 Bxf4 11. Bxf4 Qxf4 12. e3 Qxe3+ 13. Ne2 Ne4 14. Rh2 Ng3
15. Qd2 Qxd2+ 16. Kxd2 Ne4+ 17. Ke1 Nd7 18. Bg2 Ndf6 19. Nc3 Nxc3 20. bxc3 Nxg4
21. Rh1 Ne3 22. Kf2 Nxc2 23. Ra2 Nxd4 24. cxd4 Rh4 25. Ke3 Kd7 26. Rf1 Rf8 27.
Rb2 Kc7 28. a4 Ra8 29. Rxf7+ Kd6 30. Rbxb7 Rd8 31. Rxa7 Rh7 32. Rxg7 Rxg7 33.
Rxg7 Ra8 34. Rxg6 Rxa4 35. h4 Ra3+ 36. Kf4 Rd3 37. h5 Rxd4+ 38. Kg5 c5 39. h6
Rd2 40. Bf3 Rf2 41. Bh5 Rf5+ 42. Kh4 Rf8 43. Bg4 Re8 44. Bf5 Ke5 45. Rxe6+ Rxe6
46. Bxe6 Kxe6 47. h7 d4 48. h8=Q Kd5 49. Qa8+ Kc4 50. Kg4 Kb3 51. Kf4 c4 52.
Ke4 d3 53. Qb7+ Kc3 54. Qg7+ Kc2 55. Qd4 d2 56. Qxc4+ Kd1 57. Ke3 Ke1 58. Qe2#
1-0

[Event "X Festival Citta' di Varese"]
[Site "Varese ITA"]
[Date "2010.10.17"]
[Round "6"]
[White "Corti, Filippo"]
[Black "Cervini, Gian Piero"]
[Result "0-1"]
[WhiteElo "1706"]
[BlackElo "1752"]
[PlyCount "126"]
[EventDate "2010.10.09"]

1. Nf3 Nf6 2. g3 g6 3. Bg2 Bg7 4. d3 d6 5. O-O c5 6. e4 Nc6 7. Nc3 O-O 8. h3
Rb8 9. Be3 b5 10. Qd2 Re8 11. Nh4 Be6 12. f4 b4 13. Ne2 Qc8 14. f5 Bd7 15. fxg6
fxg6 16. Kh2 Ne5 17. Bf4 Nf7 18. Be3 Bc6 19. Rf2 d5 20. Raf1 d4 21. Bg5 Nxg5
22. Qxg5 Rb5 23. Qd2 Rf8 24. Nf3 Nd7 25. h4 Ne5 26. Nxe5 Rxf2 27. Rxf2 Bxe5 28.
Bh3 Bd7 29. Bxd7 Qxd7 30. Nf4 Ra5 31. Nd5 Rxa2 32. Qg5 Bd6 33. Qh6 Qe8 34. b3
a5 35. Qg5 a4 36. h5 axb3 37. hxg6 hxg6 38. e5 Rxc2 39. Rxc2 bxc2 40. exd6 Qf7
41. Nc7 Kg7 42. Qc1 b3 43. Nb5 Qf2+ 44. Kh3 Qf5+ 45. Kg2 Qd5+ 46. Kh2 Qc6 47.
Qf4 Qd7 48. Qe5+ Kh7 49. Qxe7+ Qxe7 50. dxe7 c1=Q 51. e8=Q Qh6+ 52. Kg2 b2 53.
Qe7+ Qg7 54. Qh4+ Kg8 55. Qd8+ Qf8 56. Qd5+ Kg7 57. Qe5+ Kh7 58. Qc7+ Kh6 59.
Qb6 Qa8+ 60. Kh3 Qa1 61. Qf6 Qh1+ 62. Kg4 Qh5+ 63. Kf4 Qf5+ 0-1

[Event "X Festival Citta' di Varese"]
[Site "Varese ITA"]
[Date "2010.10.17"]
[Round "6"]
[White "D'Aulisa, Francesco"]
[Black "Lanza, Francesco Paolo"]
[Result "0-1"]
[WhiteElo "1779"]
[BlackElo "1693"]
[PlyCount "108"]
[EventDate "2010.10.09"]

1. e4 c5 2. f4 e6 3. Bc4 d5 4. exd5 exd5 5. Bb5+ Bd7 6. Qe2+ Qe7 7. Bxd7+ Nxd7
8. Nc3 d4 9. Nb5 Kd8 10. Qxe7+ Bxe7 11. Nf3 h6 12. d3 a6 13. Na3 b5 14. O-O
Ngf6 15. Re1 Re8 16. Bd2 Kc7 17. Ba5+ Kc6 18. Bd2 Bd6 19. c3 dxc3 20. bxc3
Rxe1+ 21. Rxe1 c4 22. Nc2 cxd3 23. Ncd4+ Kd5 24. Nf5 Bf8 25. Re3 Bc5 26. N3d4
Re8 27. Rxd3 Kc4 28. Rf3 Re2 29. Rf2 Rxf2 30. Kxf2 Ne4+ 31. Ke1 Nxc3 32. Bxc3
Kxc3 33. Ne2+ Kb2 34. Nxg7 Kxa2 35. Nf5 h5 36. h4 b4 37. Nh6 f6 38. Nf5 Bf8 39.
Nfg3 b3 40. Nc3+ Kb2 41. Na4+ Kc2 42. Ne2 Bc5 43. Ng3 b2 44. Nxb2 Kxb2 45. Nxh5
a5 46. Ng7 a4 47. h5 a3 48. h6 Nf8 49. Ne6 Bb4+ 50. Ke2 Nh7 51. g4 a2 52. g5
fxg5 53. fxg5 Nxg5 54. Nxg5 a1=Q 0-1

[Event "X Festival Citta' di Varese"]
[Site "Varese ITA"]
[Date "2010.10.17"]
[Round "6"]
[White "Della Rocca, Luigi"]
[Black "Mazzarone, Maurizio"]
[Result "0-1"]
[WhiteElo "1767"]
[BlackElo "1912"]
[PlyCount "72"]
[EventDate "2010.10.09"]

1. e4 e6 2. Nc3 d5 3. exd5 exd5 4. d4 Nf6 5. Nf3 Bg4 6. Be2 Be7 7. Ne5 Bxe2 8.
Nxe2 Nbd7 9. Nf4 c6 10. Nfd3 O-O 11. O-O Qc7 12. Bg5 Rae8 13. Bxf6 Nxf6 14. Re1
Bd6 15. h3 Re7 16. Qf3 Rfe8 17. Qf5 c5 18. Nf3 cxd4 19. Rxe7 Rxe7 20. Nxd4 Qc4
21. c3 b5 22. Qf3 Re8 23. Nf5 Bb8 24. g3 a5 25. a3 Qc6 26. Nd4 Qd7 27. Kg2 Ne4
28. Re1 g6 29. Qg4 Qxg4 30. hxg4 Kf8 31. Nxb5 Rc8 32. f3 Nd2 33. Nf4 Bxf4 34.
gxf4 a4 35. Rd1 Nc4 36. Rxd5 Ne3+ 0-1

[Event "X Festival Citta' di Varese"]
[Site "Varese ITA"]
[Date "2010.10.17"]
[Round "6"]
[White "Falchi, Claudio"]
[Black "Carbone, Lorenzo"]
[Result "1/2-1/2"]
[WhiteElo "1666"]
[BlackElo "1695"]
[PlyCount "101"]
[EventDate "2010.10.09"]

1. e4 c5 2. Nc3 Nc6 3. g3 e6 4. Bg2 Nf6 5. f4 d6 6. d3 Be7 7. Nf3 O-O 8. O-O
Qc7 9. h3 a6 10. g4 b5 11. f5 b4 12. Ne2 h6 13. Bf4 e5 14. Be3 Nd4 15. c3 Nxe2+
16. Qxe2 bxc3 17. bxc3 c4 18. Nd2 cxd3 19. Qxd3 Bb7 20. g5 hxg5 21. Bxg5 Nh5
22. f6 Bxf6 23. Bxf6 gxf6 24. Rf5 Nf4 25. Qg3+ Ng6 26. Rxf6 Rac8 27. Raf1 Kg7
28. c4 Qc5+ 29. Kh1 Qd4 30. Qf2 Qxf2 31. R1xf2 Rcd8 32. Bf1 Nf4 33. Rf5 f6 34.
Be2 Bc8 35. R5xf4 exf4 36. Rxf4 Rh8 37. h4 Be6 38. Kg2 Rb8 39. Nb3 Kf7 40. c5
Bxb3 41. axb3 dxc5 42. Bxa6 Rb6 43. Bc4+ Ke7 44. Kg3 Rh7 45. Rf5 Rg7+ 46. Kf3
Rc6 47. Bb5 Rc7 48. Bc4 Rh7 49. Kg3 Rg7+ 50. Kf3 Rh7 51. Kg3 1/2-1/2

[Event "X Festival Citta' di Varese"]
[Site "Varese ITA"]
[Date "2010.10.17"]
[Round "6"]
[White "Fantina, Carla"]
[Black "Lipari, Alberto"]
[Result "0-1"]
[WhiteElo "1560"]
[BlackElo "1570"]
[PlyCount "144"]
[EventDate "2010.10.09"]

1. c4 e5 2. Nc3 Nf6 3. e4 Bb4 4. d3 Bxc3+ 5. bxc3 c6 6. Nf3 d6 7. g3 Bg4 8. h3
Bxf3 9. Qxf3 d5 10. cxd5 cxd5 11. exd5 Nxd5 12. d4 exd4 13. cxd4 O-O 14. Bg2
Re8+ 15. Be3 Qa5+ 16. Kf1 Qc3 17. Rc1 Nxe3+ 18. fxe3 Qxc1+ 19. Kf2 Qb2+ 20. Qe2
Qxe2+ 21. Kxe2 Nc6 22. Rb1 Rab8 23. a3 g6 24. Kd3 Re7 25. Bxc6 b6 26. e4 Rc7
27. d5 Rd8 28. Kc4 b5+ 29. Rxb5 Re8 30. Kd3 Rd8 31. Ke3 a6 32. Rb3 Re7 33. Rb6
a5 34. a4 f5 35. d6 Rxd6 36. Rb8+ Kf7 37. Bb5 Rxe4+ 38. Kf2 Rb4 39. Rb7+ Kg8
40. Rb8+ Kg7 41. Rb7+ Kh6 42. Ra7 Rd2+ 43. Kf3 Rdd4 44. Rxa5 Rb3+ 45. Kf2 Rd2+
46. Be2 Rbb2 47. Re5 Ra2 48. a5 Kg5 49. Kf3 Kf6 50. Re8 Ra3+ 51. Kf2 Rxa5 52.
Kf3 Ra3+ 53. Kf2 Raa2 54. h4 h6 55. Kf3 g5 56. h5 g4+ 57. Kf2 Kg5 58. Re5 Rxe2+
59. Rxe2 Rxe2+ 60. Kxe2 f4 61. gxf4+ Kxf4 62. Kf2 g3+ 63. Kg2 Kg4 64. Kg1 Kxh5
65. Kg2 Kg4 66. Kg1 h5 67. Kg2 h4 68. Kg1 h3 69. Kh1 Kf3 70. Kg1 g2 71. Kh2 Kf2
72. Kxh3 g1=Q 0-1

[Event "X Festival Citta' di Varese"]
[Site "Varese ITA"]
[Date "2010.10.17"]
[Round "6"]
[White "Mondini, Francesco"]
[Black "Lancianese, Giuseppe"]
[Result "0-1"]
[WhiteElo "1517"]
[BlackElo "1784"]
[PlyCount "56"]
[EventDate "2010.10.09"]

1. Nf3 d5 2. d4 Nf6 3. Nc3 Bf5 4. g3 e6 5. Bg2 Nc6 6. a3 Be7 7. e3 O-O 8. Nh4
Ne4 9. Nxf5 exf5 10. f3 Nxc3 11. bxc3 Na5 12. Qd3 g6 13. Qb5 c6 14. Qb2 b6 15.
Bf1 Re8 16. Bd2 Bf6 17. Kf2 c5 18. Bb5 Re6 19. Rae1 a6 20. Bd3 c4 21. Bf1 Nb7
22. Bg2 Nd6 23. Re2 Rb8 24. Rhe1 Qe7 25. h4 b5 26. Qb4 Re8 27. Qc5 Qb7 28. Rb1
Be7 0-1

[Event "X Festival Citta' di Varese"]
[Site "Varese ITA"]
[Date "2010.10.17"]
[Round "6"]
[White "Pepa, Syrja"]
[Black "Picchi, Luciano Enrico"]
[Result "1-0"]
[WhiteElo "1810"]
[BlackElo "1497"]
[PlyCount "37"]
[EventDate "2010.10.09"]

1. e4 e5 2. Nf3 Nc6 3. Bc4 Bc5 4. c3 Nf6 5. O-O Qe7 6. d4 exd4 7. cxd4 Bb6 8.
e5 Ng4 9. h3 Nh6 10. Nc3 Qb4 11. Qe2 Nxd4 12. Nxd4 Bxd4 13. Nd5 Qc5 14. Nf6+
Kf8 15. Bf4 Nf5 16. Nd5 g5 17. b4 Bxf2+ 18. Rxf2 Qd4 19. Rd1 1-0

[Event "X Festival Citta' di Varese"]
[Site "Varese ITA"]
[Date "2010.10.17"]
[Round "6"]
[White "Picchi, Arnaldo"]
[Black "Novi', Giuseppe"]
[Result "1-0"]
[WhiteElo "1428"]
[BlackElo "1826"]
[PlyCount "102"]
[EventDate "2010.10.09"]

1. d4 e6 2. Nf3 c5 3. e3 Nf6 4. c3 Nc6 5. Bd3 d5 6. O-O Bd6 7. Nbd2 O-O 8. e4
dxe4 9. Nxe4 cxd4 10. cxd4 h6 11. Nxf6+ Qxf6 12. Bb1 Bf4 13. Bxf4 Qxf4 14. Re1
Rd8 15. Re4 Qf6 16. Qd2 Rd5 17. a3 Bd7 18. Rf4 Qd8 19. Qd3 f5 20. Ba2 Rd6 21.
Qxf5 Ne7 22. Qf7+ Kh8 23. Ne5 Nf5 24. Rg4 Qf6 25. Qxf6 gxf6 26. Nf7+ Kh7 27.
Nxd6 Nxd6 28. Re1 Re8 29. Rg3 Nf5 30. Bb1 Rd8 31. Bxf5+ exf5 32. Re7+ Kh8 33.
Rgg7 Bc6 34. Rh7+ Kg8 35. Rhg7+ Kh8 36. Rgf7 f4 37. Rxf6 f3 38. g3 Kg8 39. Rf4
Rc8 40. Kf1 Bb5+ 41. Ke1 Rc2 42. d5 Be2 43. d6 Rc1+ 44. Kd2 Rd1+ 45. Kc2 Rxd6
46. Rfe4 Bd3+ 47. Kc3 Bxe4 48. Rxe4 Rc6+ 49. Kd2 Rb6 50. b4 Rd6+ 51. Ke3 Rc6
1-0

[Event "XXI Coppa Autunno"]
[Site "Ivrea ITA"]
[Date "2010.10.07"]
[Round "1"]
[White "Bellafiore, Enzo"]
[Black "Giachino, Adriano"]
[Result "1-0"]
[WhiteElo "1830"]
[BlackElo "1711"]
[PlyCount "67"]
[EventDate "2010.10.02"]

1. d4 d5 2. c4 e6 3. Nc3 Nf6 4. cxd5 exd5 5. Bg5 Be7 6. e3 Be6 7. Qc2 c6 8. Bd3
Nbd7 9. Nge2 Rc8 10. O-O Qc7 11. Rac1 h6 12. Bf4 Qd8 13. Bg3 c5 14. h3 a6 15.
Bf5 Bxf5 16. Qxf5 O-O 17. Nxd5 Rc6 18. Nec3 Re8 19. Rfe1 Bf8 20. f3 Rce6 21.
Nc7 Rxe3 22. Nxe8 Qxe8 23. Bf2 cxd4 24. Bxe3 dxe3 25. Ne4 Nxe4 26. Qxe4 Qd8 27.
Qxb7 Nc5 28. Rxc5 Bxc5 29. Qxa6 e2+ 30. Kh1 Bf2 31. Qxe2 Bxe1 32. Qxe1 Qd4 33.
Qe8+ Kh7 34. Qe4+ 1-0

[Event "XXI Coppa Autunno"]
[Site "Ivrea ITA"]
[Date "2010.10.07"]
[Round "1"]
[White "Bogatto, Mario"]
[Black "Renzini, Lorenzo"]
[Result "0-1"]
[WhiteElo "1455"]
[BlackElo "1751"]
[PlyCount "84"]
[EventDate "2010.10.02"]

1. e4 c5 2. Nf3 d6 3. Bb5+ Bd7 4. Bxd7+ Nxd7 5. O-O Ngf6 6. Nc3 g6 7. d3 Bg7 8.
Be3 a6 9. Qd2 O-O 10. Bh6 b5 11. Bxg7 Kxg7 12. a3 e6 13. Rfe1 Ng4 14. Qg5 Nge5
15. Qe3 Nxf3+ 16. Qxf3 Ne5 17. Qe2 Qf6 18. h3 Nc6 19. e5 Nxe5 20. Ne4 Qe7 21.
f3 Nc6 22. c3 d5 23. Nf2 a5 24. Ng4 h5 25. Ne5 Nxe5 26. Qxe5+ Qf6 27. Qxf6+
Kxf6 28. f4 b4 29. g4 hxg4 30. hxg4 Rh8 31. Re5 Rh4 32. g5+ Kg7 33. Rf1 Rah8
34. Kf2 Rh2+ 35. Ke1 Rxb2 36. c4 Rb1+ 37. Kf2 Rh2+ 38. Kg1 Rbb2 39. Rd1 bxa3
40. cxd5 exd5 41. Ra1 a2 42. Ree1 Rhe2 0-1

[Event "XXI Coppa Autunno"]
[Site "Ivrea ITA"]
[Date "2010.10.07"]
[Round "1"]
[White "Castaldo, Antonio"]
[Black "Caserio, Federico"]
[Result "1/2-1/2"]
[WhiteElo "1705"]
[BlackElo "1389"]
[PlyCount "73"]
[EventDate "2010.10.02"]

1. Nf3 c5 2. g3 Nc6 3. Bg2 Nf6 4. O-O d5 5. d3 d4 6. e4 e5 7. Bg5 Be7 8. Nbd2
Bg4 9. h3 Bh5 10. g4 Bxg4 11. Bxf6 Bxf3 12. Bxe7 Nxe7 13. Qxf3 Ng6 14. Qg3 h5
15. Nf3 Qf6 16. Qg5 Qe6 17. Nh4 Nf4 18. Qxg7 O-O-O 19. Qg3 Ne2+ 20. Kh2 Nxg3
21. fxg3 Rdg8 22. Nf5 Rg6 23. h4 Kb8 24. Bh3 Qe8 25. Rf2 Rf8 26. b3 b5 27. a4
b4 28. Raf1 Kc7 29. Rf3 f6 30. R1f2 a5 31. Rg2 Rfg8 32. Rgf2 Qd8 33. Rg2 Kb6
34. Rgf2 Qc7 35. Rg2 Qh7 36. Re2 Ka6 37. Ref2 1/2-1/2

[Event "XXI Coppa Autunno"]
[Site "Ivrea ITA"]
[Date "2010.10.02"]
[Round "1"]
[White "Castello, Leonardo"]
[Black "Bosticardo, Tommaso"]
[Result "0-1"]
[WhiteElo "1407"]
[BlackElo "1558"]
[PlyCount "100"]
[EventDate "2010.10.02"]

1. e4 e5 2. Nf3 Nc6 3. Nc3 Nf6 4. Bb5 Bd6 5. O-O O-O 6. d4 Nxd4 7. Nxd4 exd4 8.
Qxd4 Be7 9. Nd5 Nxd5 10. Qxd5 c6 11. Qc4 cxb5 12. Qxb5 Qb6 13. c4 Qxb5 14. cxb5
d6 15. Bf4 Bd7 16. a4 Rac8 17. Rfd1 Be6 18. Rd2 Rfd8 19. a5 Rc4 20. f3 d5 21.
b3 Rb4 22. Bc7 Rd7 23. Bf4 Rxb5 24. exd5 Rdxd5 25. Rxd5 Rxd5 26. g3 Bd6 27.
Bxd6 Rxd6 28. g4 Kf8 29. Rb1 Rd3 30. Kg2 Rxb3 31. Rd1 Rb5 32. Ra1 b6 33. axb6
axb6 34. h4 Ra5 35. Rb1 b5 36. Rb4 Bc4 37. f4 Ra4 38. Rb2 Ra2 39. Rxa2 Bxa2 40.
Kf2 b4 41. Ke3 b3 42. f5 b2 43. g5 b1=Q 44. Kf4 Bd5 45. h5 Qe4+ 46. Kg3 Qf3+
47. Kh4 Qf4+ 48. Kh3 Bf3 49. g6 Qg4+ 50. Kh2 Qg2# 0-1

[Event "XXI Coppa Autunno"]
[Site "Ivrea ITA"]
[Date "2010.10.02"]
[Round "1"]
[White "Giunto, Stefano"]
[Black "Ganio Ottavio, Gabriele"]
[Result "1-0"]
[WhiteElo "1392"]
[BlackElo "1446"]
[PlyCount "71"]
[EventDate "2010.10.02"]

1. e4 e5 2. Nf3 d6 3. Bc4 Qd7 4. Ng5 Nh6 5. O-O f6 6. Nf3 Qc6 7. d3 Bg4 8. Nc3
Nd7 9. h3 Bxf3 10. Qxf3 Nc5 11. Bxh6 gxh6 12. Qxf6 Rg8 13. Bxg8 Qd7 14. Nb5 c6
15. Nxd6+ Bxd6 16. Bf7+ Kf8 17. Be6+ Ke8 18. Bxd7+ Nxd7 19. Qxd6 Rd8 20. Qxh6
Nc5 21. Qxh7 Rd7 22. Qh5+ Rf7 23. Qxe5+ Re7 24. Qxc5 a6 25. Qxe7+ Kxe7 26. Rfe1
Kd7 27. Re3 Kc7 28. Rg3 b6 29. h4 b5 30. h5 Kb6 31. h6 c5 32. h7 Ka5 33. h8=Q
c4 34. Qc3+ Kb6 35. Rg6+ Kc5 36. b4# 1-0

[Event "XXI Coppa Autunno"]
[Site "Ivrea ITA"]
[Date "2010.10.07"]
[Round "1"]
[White "Listello, Massimiliano"]
[Black "Ranieri, Fabrizio"]
[Result "0-1"]
[WhiteElo "1558"]
[BlackElo "2277"]
[PlyCount "58"]
[EventDate "2010.10.02"]

1. e4 e6 2. d4 d5 3. Nc3 Nf6 4. e5 Nfd7 5. f4 c5 6. Nf3 Nc6 7. Be3 cxd4 8. Nxd4
Qb6 9. Na4 Qa5 10. c3 Nxd4 11. Bxd4 b5 12. Nc5 Bxc5 13. Bxc5 Nxc5 14. b4 Qa3
15. bxc5 Qxc3 16. Kf2 Qxc5 17. Kg3 O-O 18. Qf3 f6 19. exf6 Rxf6 20. h3 e5 21.
Kh2 Be6 22. Be2 Rxf4 23. Qb3 a6 24. Rhc1 Qd6 25. Qg3 Raf8 26. Rc3 d4 27. Rf3 e4
28. Rxf4 Qxf4 29. Qxf4 Rxf4 0-1

[Event "XXI Coppa Autunno"]
[Site "Ivrea ITA"]
[Date "2010.10.07"]
[Round "1"]
[White "Papalini, Claudio"]
[Black "Moratto, Davide"]
[Result "0-1"]
[WhiteElo "1718"]
[BlackElo "1854"]
[PlyCount "96"]
[EventDate "2010.10.02"]

1. d4 Nf6 2. Nf3 g6 3. Bf4 d6 4. e3 Nh5 5. Bg3 Nxg3 6. hxg3 b6 7. c3 Bb7 8.
Nbd2 Nd7 9. e4 e6 10. Bd3 Bg7 11. Qe2 a5 12. Bb5 O-O 13. Qe3 c5 14. dxc5 Nxc5
15. Rc1 Ba6 16. Bxa6 Rxa6 17. g4 f5 18. exf5 exf5 19. O-O fxg4 20. Nd4 Re8 21.
Qg3 Ne4 22. Nxe4 Rxe4 23. Qd3 Qa8 24. Rfe1 d5 25. Ne6 Ra7 26. Nxg7 Rxg7 27.
Rxe4 dxe4 28. Qd6 Qb7 29. Rd1 h5 30. Re1 Kh7 31. Qd4 Re7 32. c4 Qc6 33. Qd5
Qxd5 34. cxd5 Rd7 35. Rxe4 Rxd5 36. Re2 Kg7 37. Kh2 Kf6 38. g3 Re5 39. Rc2 b5
40. a3 a4 41. Kg2 Kf5 42. Kf1 g5 43. Kg2 Ke4 44. Rc3 h4 45. gxh4 gxh4 46. f3+
gxf3+ 47. Rxf3 Rg5+ 48. Kf2 Rf5 0-1

[Event "XXI Coppa Autunno"]
[Site "Ivrea ITA"]
[Date "2010.10.09"]
[Round "2"]
[White "Agostino, Pietro"]
[Black "Solinas, Giuseppe"]
[Result "1-0"]
[WhiteElo "1520"]
[BlackElo "1491"]
[PlyCount "89"]
[EventDate "2010.10.02"]

1. e4 e5 2. Nf3 Nc6 3. Bb5 d6 4. h3 Bd7 5. a3 Nf6 6. d3 Be7 7. Be3 O-O 8. Nbd2
d5 9. Bxc6 Bxc6 10. Nxe5 d4 11. Nxc6 bxc6 12. Bg5 Nd7 13. Bf4 Bg5 14. Bxg5 Qxg5
15. O-O Qb5 16. Rb1 f5 17. exf5 Qxf5 18. Nf3 c5 19. c3 Qd5 20. cxd4 cxd4 21. b4
Kh8 22. Qb3 Qd6 23. Qc4 Rf4 24. Ng5 Qg6 25. Ne6 Rh4 26. Kh2 Ne5 27. Qd5 Ng4+
28. Kh1 Re8 29. Qg5 Qxg5 30. Nxg5 Rf8 31. Rbe1 h6 32. Nf3 Rh5 33. Re4 Nf6 34.
Rxd4 Rf5 35. Re1 Nd5 36. Nh4 Rg5 37. Nf3 Rgf5 38. Kg1 Nc3 39. Rc4 Nb5 40. a4
Nd6 41. Rxc7 R5f7 42. Rc6 Rd8 43. Ne5 Rf6 44. Rc7 Rdf8 45. Nd7 1-0

[Event "XXI Coppa Autunno"]
[Site "Ivrea ITA"]
[Date "2010.10.09"]
[Round "2"]
[White "Bosticardo, Tommaso"]
[Black "Paonessa, Denis"]
[Result "0-1"]
[WhiteElo "1558"]
[BlackElo "1902"]
[PlyCount "64"]
[EventDate "2010.10.02"]

1. d4 Nf6 2. c4 e6 3. Nc3 c5 4. d5 exd5 5. cxd5 d6 6. e4 g6 7. Nf3 Bg7 8. h3
O-O 9. Bd3 a6 10. O-O b5 11. Re1 Re8 12. Bf4 Qb6 13. Qc1 Nbd7 14. Bh6 c4 15.
Bc2 Bb7 16. Bxg7 Kxg7 17. Qf4 Nh5 18. Qg5 h6 19. Qd2 Ne5 20. Re3 Nf4 21. Nxe5
Rxe5 22. Rf3 g5 23. Ne2 Nxe2+ 24. Qxe2 Bxd5 25. Rd1 Rae8 26. Re3 Bb7 27. h4 d5
28. Rg3 d4 29. Qh5 d3 30. hxg5 Rxg5 31. Rxg5+ hxg5 32. Qxg5+ Qg6 0-1

[Event "XXI Coppa Autunno"]
[Site "Ivrea ITA"]
[Date "2010.10.09"]
[Round "2"]
[White "Caresana, Alessandro"]
[Black "Trovero, Leo"]
[Result "1-0"]
[WhiteElo "2003"]
[BlackElo "1455"]
[PlyCount "49"]
[EventDate "2010.10.02"]

1. d4 Nf6 2. c4 g6 3. Nc3 Bg7 4. e4 d6 5. f3 Nbd7 6. Be3 O-O 7. Bd3 Re8 8. Nge2
Nf8 9. Qd2 Be6 10. O-O-O Rc8 11. g4 c5 12. d5 Bd7 13. h4 h6 14. Bxh6 Kh7 15. h5
Ng8 16. hxg6+ Nxg6 17. Bxg7+ Kxg7 18. Ng3 Ne5 19. Nf5+ Bxf5 20. gxf5 Nxf3 21.
Qg2+ Kf6 22. e5+ Nxe5 23. Ne4+ Kxf5 24. Rdf1+ Nf3 25. Qg5# 1-0

[Event "XXI Coppa Autunno"]
[Site "Ivrea ITA"]
[Date "2010.10.14"]
[Round "2"]
[White "Caserio, Federico"]
[Black "Chiarotto, Filippo"]
[Result "0-1"]
[WhiteElo "1389"]
[BlackElo "2119"]
[PlyCount "64"]
[EventDate "2010.10.02"]

1. e4 c5 2. Nf3 a6 3. d4 cxd4 4. Nxd4 Nf6 5. Nc3 e5 6. Nf5 d5 7. Qf3 d4 8. Nd5
Nxd5 9. exd5 Bxf5 10. Qxf5 Nd7 11. f4 Qa5+ 12. Bd2 Qxd5 13. b3 g6 14. Bc4 Qxc4
15. Qxd7+ Kxd7 16. bxc4 e4 17. Rd1 Kc6 18. Ke2 f5 19. g3 Rd8 20. Bc1 Bb4 21. a3
Bc3 22. Bd2 Bxd2 23. Rxd2 Kc5 24. Rhd1 Kxc4 25. c3 d3+ 26. Ke3 Rd5 27. Rb1 Rb5
28. Rb4+ Rxb4 29. cxb4 Rc8 30. h3 Kb3 31. g4 Rc2 32. a4 Kc3 0-1

[Event "XXI Coppa Autunno"]
[Site "Ivrea ITA"]
[Date "2010.10.09"]
[Round "2"]
[White "Ganio Ottavio, Gabriele"]
[Black "Gennaro, Isabella"]
[Result "0-1"]
[WhiteElo "1446"]
[BlackElo "1640"]
[PlyCount "62"]
[EventDate "2010.10.02"]

1. d4 d5 2. Nc3 Nf6 3. Bg5 Nbd7 4. Nf3 h6 5. Bxf6 Nxf6 6. Qd3 e6 7. O-O-O Ng4
8. Re1 Nxf2 9. Qe3 Nxh1 10. Ne5 Be7 11. Qf3 Bg5+ 12. e3 Qf6 13. Qe2 Nf2 14. Ng4
Nxg4 15. Qxg4 Qf2 16. Qd1 Bxe3+ 17. Kb1 Bxd4 18. Re2 Qf6 19. Nb5 O-O 20. Nxd4
e5 21. Nb5 Bg4 22. Nxc7 Bxe2 23. Bxe2 Rad8 24. Nxd5 Qd6 25. Bc4 b5 26. Bb3 a5
27. c4 a4 28. Bc2 bxc4 29. Be4 f5 30. Ne3 Qxd1+ 31. Nxd1 Rxd1+ 0-1

[Event "XXI Coppa Autunno"]
[Site "Ivrea ITA"]
[Date "2010.10.14"]
[Round "2"]
[White "Giachino, Adriano"]
[Black "Bogatto, Mario"]
[Result "1-0"]
[WhiteElo "1711"]
[BlackElo "1455"]
[PlyCount "57"]
[EventDate "2010.10.02"]

1. e4 c5 2. b3 d6 3. Bb2 e6 4. Nf3 Nc6 5. Nc3 a6 6. d4 cxd4 7. Nxd4 Bd7 8. Be2
Ne5 9. O-O Nf6 10. f4 Nc6 11. Nf3 Qc7 12. a4 Be7 13. Bc4 O-O 14. Ne2 Nxe4 15.
Bd3 Qb6+ 16. Ned4 Nf6 17. Kh1 Rac8 18. Qe1 Qc7 19. Qg3 Nh5 20. Qg4 g6 21. Ng5
e5 22. f5 exd4 23. Nf3 Nf6 24. Qh3 Ne5 25. Bxd4 Nxd3 26. cxd3 Bxf5 27. Qh6 Kh8
28. Ng5 Kg8 29. Bxf6 1-0

[Event "XXI Coppa Autunno"]
[Site "Ivrea ITA"]
[Date "2010.10.09"]
[Round "2"]
[White "Melling, Jonathon"]
[Black "Giunto, Stefano"]
[Result "1-0"]
[WhiteElo "1905"]
[BlackElo "1392"]
[PlyCount "63"]
[EventDate "2010.10.02"]

1. d4 d5 2. c4 e6 3. Nf3 Nf6 4. Bg5 Nbd7 5. Qc2 Be7 6. e3 O-O 7. Nbd2 c6 8. Rc1
Re8 9. Bd3 dxc4 10. Nxc4 g6 11. O-O Qc7 12. Rfd1 c5 13. Bf4 Qc6 14. e4 cxd4 15.
Nxd4 Qc5 16. Be3 e5 17. Nf5 Qc7 18. Nxe7+ Rxe7 19. Qe2 Qb8 20. Bb1 b6 21. Nd6
Bb7 22. f3 Re6 23. Nxb7 Qxb7 24. a3 Rc8 25. Ba2 Rxc1 26. Bxc1 Rc6 27. Bh6 Qc7
28. Qd3 Rc1 29. Rxc1 Qxc1+ 30. Bxc1 Nc5 31. Qd6 Nfd7 32. Bh6 1-0